Introducción a la farmacología (Registro nro. 6718)

Detalles MARC
000 -Cabecera
Campo de control de longitud fija 01717atm a2200601 4500
005 - Fecha y hora de la última transacción
Campo de control 20250722104021.0
008 - Elementos de longitud fija--Información general
Campo de control de longitud fija 150728b2005 xxu||||| |||| 00| 0 spa d
020 ## - International Standard Book Number
Número Internacional Estándar del Libro (ISBN) 9789701061237
041 ## - Idioma
Código de idioma Español
082 ## - Clasificación Decimal Dewey
Número de clasificación 615.1 H675i5
100 ## - Entrada principal--Autor personal
Nombre personal Hitner, Henry
9 (RLIN) 39039
100 ## - Entrada principal--Autor personal
Nombre personal Nagle, Bárbara
9 (RLIN) 39038
245 ## - Título propiamente dicho
Título Introducción a la farmacología
250 ## - Edición
Mención de edición 5 edición
260 ## - Pie de imprenta
Lugar de publicación, distribución, etc. México
260 ## - Pie de imprenta
Nombre del editor, distribuidor, etc. McGraw-Hill
260 ## - Pie de imprenta
Fecha de publicación, distribución, etc. 2007
300 ## - Descripción física
Extensión 598 páginas
490 ## - Serie
Título de la Serie Temática General
650 ## - Materia general
Temática (materia general) FARMACOLOGÍA
650 ## - Materia general
Temática (materia general) FARMACOLOGÍA GERIÁTRICA
650 ## - Materia general
Temática (materia general) SISTEMA NERVIOSO PERIFÉRICO
650 ## - Materia general
Temática (materia general) SISTEMA NERVIOSO SIMPÁTICO
650 ## - Materia general
Temática (materia general) SISTEMA NERVIOSO PARASIMPÁTICO
650 ## - Materia general
Temática (materia general) RELAJANTES DE MUSCULOS ESQUELÉTICOS
650 ## - Materia general
Temática (materia general) ANESTÉSICOS LOCALES
650 ## - Materia general
Temática (materia general) FARMACOLOGÍA DEL SISTEMA NERVIOSO CENTRAL
650 ## - Materia general
Temática (materia general) HIPNÓTICOS SEDANTES
650 ## - Materia general
Temática (materia general) ANTIDEPRESIVOS
650 ## - Materia general
Temática (materia general) ANTIEPILEPTICOS
650 ## - Materia general
Temática (materia general) ANTIPARKISONIANOS
650 ## - Materia general
Temática (materia general) ANESTÉSICOS
650 ## - Materia general
Temática (materia general) ANTIALERGICOS
650 ## - Materia general
Temática (materia general) ANTIHISTAMÍNICOS
650 ## - Materia general
Temática (materia general) ANALGÉSICOS
650 ## - Materia general
Temática (materia general) FARMACOLOGÍA DEL CORAZÓN
650 ## - Materia general
Temática (materia general) GLUCOSIDOS CARDIACOS
650 ## - Materia general
Temática (materia general) ANTIARRITMICOS
650 ## - Materia general
Temática (materia general) DIURETICOS
650 ## - Materia general
Temática (materia general) ANTIHIPERTENSIVOS
650 ## - Materia general
Temática (materia general) ANTICOAGULANTES
650 ## - Materia general
Temática (materia general) COAGULANTES
650 ## - Materia general
Temática (materia general) NUTRICIÓN
650 ## - Materia general
Temática (materia general) HIPOLIPIDEMICOS
650 ## - Materia general
Temática (materia general) ANTIANÉMICOS
650 ## - Materia general
Temática (materia general) BRANCODILATADORES
650 ## - Materia general
Temática (materia general) SISTEMA ENDOCRINO
650 ## - Materia general
Temática (materia general) TRATAMIENTOS GASTROINTESTINALES
650 ## - Materia general
Temática (materia general) FARMACOLOGÍA DE LAS ENFERMEDADES INFECCIOSAS
650 ## - Materia general
Temática (materia general) SISTEMA INMUNOLÓGICO
650 ## - Materia general
Temática (materia general) ANTICONCEPTIVOS ORALES
942 ## - Punto de acceso adicional KOHA
Tipo de ítem KOHA Libro
Fuente del sistema de clasificación o colocación Dewey Decimal Classification
Existencias
Signatura completa Código de barras Programa Académico Tipo de ítem
615.1 H675i5 11944 Temática General Libro